000 00325nam a2200109Ia 4500
005 20251222154424.0
008 251222s9999||||xx |||||||||||||| ||spa||
082 _a121/V38/Ej.2
100 _a"Vaughuan, Richard"
245 0 _aOrientaciÓn sicológica humanístico-cristiana: Introducción al counseling religioso
942 _cLIB
999 _c36155
_d36155